000
00322nam a22001457a 4500
008
231012b ||||| |||| 00| 0 eng d
020
_a
9780812918533
041
_a
eng
080
_a
521
082
_a
521LER
100
_a
19
101
_a
ASTRO
245
_a
THE BIG BANG NEVER HAPPENED
_c
LERNER .E
942
_2
udc
_c
BK
999
_c
60442
_d
60442